|
|
|
|
| LEADER |
00000nam a22000007a 4500 |
| 005 |
20200720233118.0 |
| 007 |
cr|||| |||| |
| 008 |
200720s2013 br |||||s|||| 00||0 por d |
| 020 |
|
|
|a 978-85-8248-000-7
|
| 035 |
|
|
|a 31835
|
| 040 |
|
|
|a vLex
|
| 090 |
|
|
|c 10658
|d 10658
|
| 100 |
1 |
|
|a Gazetta Sime̳s, Alexandre
|
| 245 |
1 |
0 |
|a Ensaios sobre a Histr̤ia e a Teoria do Direito Social
|h [Recurso electrn̤ico] :
|b Construȯ̂ do saber jurd̕ico & funȯ̂ polt̕ica do Direito /
|c Alexandre Gazetta Sime̳s, Natacha Ferreira Nagao Pires
|
| 256 |
|
|
|a Servicio en ln̕ea
|
| 260 |
|
|
|a San Pablo:
|b Letras Jurídicas Editora,
|c 2013
|
| 300 |
|
|
|a 1 recurso electrn̤ico
|
| 500 |
|
|
|a Lafayette Pozzoli Vladimir Brega Filho Sob o pl̀io dos grandes temas jurd̕icos, a investigaȯ̂ da histr̤ia e teoria do Direito Social apresenta-se.
|
| 506 |
1 |
|
|a Disponible solo en los productos indicados
|d vLex Global
|d vLex Global (Academic Edition, excluding Law Schools)
|d vLex Global (U.S. Academic Edition, Law Schools)
|d vLex Global (U.S. Academic Edition, excluding Law Schools)
|d vLex Global (Academic Edition, Law Schools)
|
| 650 |
0 |
4 |
|a Derecho Militar
|z Brasil
|
| 740 |
0 |
|
|a vLex Libros (Servicio en ln̕ea)
|
| 856 |
4 |
0 |
|u http://vlex.com/source/ensaios-sobre-a-historia-e-a-teoria-do-direito-social-constru-o-do-saber-juridico-fun-o-politica-do-direito-31835
|z Acceso restringido
|
| 942 |
|
|
|c BOOK
|
| 999 |
0 |
|
|a Military Law
|